• 首页
  • 本馆介绍
  • 公告通知
  • 最新文献
  • 馆藏检索
  • 电子资源
  • 读者导购
  • 参考咨询
  • 我的图书馆
  • 登录
  • 详细信息显示
  • 放入我的书架
  • 预约/预借图书
  • 作者相关作品
  • 分类相关作品
  • 丛书相关作品
  • 出版社相关作品

书目信息

  • 表格格式
  • 工作单格式
  • 卡片格式
题名:
企业技术创新与知识产权战略
    
 
作者: 华鹰 主编
分册:  
出版信息: 北京   科学出版社  2013
页数: 282页
开本: 24cm
丛书名:
单 册:
中图分类: F273.1 , D913.04
科图分类:
主题词: 企业管理--技术革新--研究 , 企业--知识产权--研究 , 企业管理 , 技术革新 , 企业 , 知识产权
电子资源:
ISBN: 978-7-03-038556-7
000 01265nam0 2200313 450
001 524
005 20140909091947.18
010    @a978-7-03-038556-7@dCNY78.00
100    @a20131112d2013 em y0chiy50 ea
101 0  @achi
102    @aCN@b110000
105    @ay z 000yy
106    @ar
200 1  @a企业技术创新与知识产权战略@AQi Ye Ji Shu Chuang Xin Yu Zhi Shi Chan Quan Zhan Lue@dThe enterprise technical innovation and intellectual property strategy@f华鹰主编@FHua Ying Zhu Bian@zeng
210    @a北京@c科学出版社@d2013
215    @a282页@d24cm
330    @a本书从宏观视角探讨了技术创新与知识产权战略,并对美国、日本、韩国的知识产权战略进行了比较分析。从微观视角重点探讨了企业技术创新的模式、难点与对策,以及企业在技术创新链中可供选择的各种知识产权战略。最后,在充分调研的基础上,对企业技术创新与知识产权战略模式进行了实证分析。
510 1  @aEnterprise technical innovation and intellectual property strategy@zeng
606 0  @a企业管理@x技术革新@x研究
606 0  @a企业@x知识产权@x研究
606 0  @a企业管理
606 0  @a技术革新
606 0  @a企业
606 0  @a知识产权
690    @aF273.1@v5
690    @aD913.04@v5
701  0 @a华鹰@AHua Ying@g(法学)@4主编
801  0 @aCN@bTANGWEI@c20140603
905    @b0838498-500@dF273.1@e1049@f3
    
    企业技术创新与知识产权战略=The enterprise technical innovation and intellectual property strategy/华鹰主编.-北京:科学出版社,2013
    282页;24cm
    
    
    ISBN 978-7-03-038556-7:CNY78.00
    本书从宏观视角探讨了技术创新与知识产权战略,并对美国、日本、韩国的知识产权战略进行了比较分析。从微观视角重点探讨了企业技术创新的模式、难点与对策,以及企业在技术创新链中可供选择的各种知识产权战略。最后,在充分调研的基础上,对企业技术创新与知识产权战略模式进行了实证分析。
●
相关链接 在E读中查询图书 在五车中查询图书 在当当中查询图书 在豆瓣中查询图书


正题名:企业技术创新与知识产权战略     索取号:F273.1/1049         预约/预借

序号 登录号 条形码 馆藏地/架位号 状态 备注
1 0838498   208384988   第一样本阅览室/ [索取号:F273.1/1049] 在馆    
2 0838499   208384997   密集书库-海洋学院/ [索取号:F273.1/1049] 在馆    
3 0838500   208385004   第一借阅区/ [索取号:F273.1/1049] 在馆    
唐山师范学院图书馆 欢迎您!
大连网信软件有限公司© 版权所有